| 000 | 007100000a22002290004500 | ||
|---|---|---|---|
| 003 | LK-CoMWRAF | ||
| 005 | 20230923071717.0 | ||
| 008 | 230817t1998 ||||| |||| 00| 0 eng d | ||
| 020 | _a0710305990 | ||
| 040 |
_aLK-CoMWRAF _dLK-CoMWRAF _eLK-CoMWRAF |
||
| 041 | _aeng | ||
| 082 |
_a297.57 _bKAM |
||
| 100 | _aKamalkhani, Zahra | ||
| 245 |
_aWomen's Islam : _bReligious practice among women In today's Iran |
||
| 260 |
_aLondon : _bKegan Paul, _c1998 |
||
| 300 | _avii,203p. ; 23cm. | ||
| 500 | _aBibliography note: Includes bibliography and indices. | ||
| 650 | _aMuslim women -- Iran -- Social conditions | ||
| 650 | _aWomen -- Religious life -- Iran | ||
| 650 | _aReligious life -- Islam | ||
| 942 | _cBK | ||
| 999 |
_c430 _d430 |
||